| 000 | 01471nam a2200349 a 4500 | ||
|---|---|---|---|
| 001 | ebr10642214 | ||
| 003 | CaPaEBR | ||
| 006 | m u | ||
| 007 | cr cn||||||||| | ||
| 008 | 760323s1966 pauh sb 000 0 eng d | ||
| 010 | _z 65024538 | ||
| 020 | _z9780812275247 | ||
| 020 | _z9780812206692 (e-book) | ||
| 040 |
_aCaPaEBR _cCaPaEBR |
||
| 035 | _a(OCoLC)794700954 | ||
| 050 | 1 | 4 |
_aPR2714 _b.C5 1966eb |
| 082 | 0 | 4 |
_a822.3 _223 |
| 100 | 1 |
_aMiddleton, Thomas, _dd. 1627. |
|
| 245 | 1 | 4 |
_aThe changeling _h[electronic resource] / _cby Thomas Middleton and William Rowley ; edited by Matthew W. Black. |
| 260 |
_aPhiladelphia : _bUniversity of Pennsylvania Press, _c[1966] |
||
| 300 |
_a143 p. : _bfacsim. |
||
| 490 | 1 |
_aThe Mathew Carey library of English and American literature ; _v3 |
|
| 504 | _aBibliographical footnotes. | ||
| 533 |
_aElectronic reproduction. _bPalo Alto, Calif. : _cebrary, _d2013. _nAvailable via World Wide Web. _nAccess may be limited to ebrary affiliated libraries. |
||
| 650 | 0 |
_aEnglish drama _yEarly modern and Elizabethan, 1500-1600. |
|
| 655 | 7 |
_aElectronic books. _2local |
|
| 700 | 1 |
_aRowley, William, _d1585?-1642? |
|
| 700 | 1 |
_aBlack, Matthew W. _q(Matthew Wilson), _d1895-1978. |
|
| 710 | 2 | _aebrary, Inc. | |
| 830 | 0 |
_aMathew Carey library of English and American literature ; _v3. |
|
| 856 | 4 | 0 |
_uhttp://site.ebrary.com/lib/rucke/Doc?id=10642214 _zAn electronic book accessible through the World Wide Web; click to view |
| 999 |
_c32040 _d32040 |
||